000 00696nam a2200277Ia 4500
005 20260324131505.0
008 008 260324s9999 xx 000 0 eng d
020 _a9780203823798
037 _aEBOOK
040 _aCRL
040 _beng
040 _cCRL
041 _2eng
041 _aeng
084 _qCRL
100 _aMichael G. Parkinson; L. Marie Parkinson
_91185712
245 0 _aLaw for Advertising, Broadcasting, Journalism, and Public Relations
260 _bTaylor and Francis
260 _c2006
365 _a
365 _b230
856 _uhttp://www.taylorfrancis.com/books/9780203823798
942 _cEBOOK
999 _c1782907
_d1782907